| 000 | 00550nam a2200193 i 4500 | ||
|---|---|---|---|
| 001 | 101623 | ||
| 003 | ES-MaACL | ||
| 005 | 20230906182939.0 | ||
| 007 | t| | ||
| 008 | 051021n19001999it ||||1| ita d | ||
| 100 | 1 |
_aMelani, Alfredo. _979884 |
|
| 245 | 1 | 0 |
_aManuale di scultura italiana antica e moderna / _cAlfredo Melani. |
| 260 |
_aMilano : _b[s.n., _cs.a.] ( _fUmberto Allegretti) |
||
| 300 |
_aXVII, 248 p. ; _c15 cm. |
||
| 490 | 1 | _aManuali Hoepli | |
| 830 | 0 |
_aManuali Hoepli _9180782 |
|
| 852 |
_aES-MaACL _jD-4278 |
||
| 999 |
_c101623 _d101623 |
||